[Event "Bad Woerishofen Seniors opA 23rd"]
[Site "Bad Woerishofen"]
[Date "2007.03.11"]
[Round "4"]
[White "Papworth, Dennis"]
[Black "Luebbers, Doris"]
[Result "1-0"]
[WhiteElo "1674"]
[BlackElo "1392"]
[PlyCount "107"]
[EventDate "2007.03.08"]
[EventType "swiss"]
[EventRounds "9"]
[EventCountry "GER"]
[SourceTitle "EXT 2022"]
[Source "ChessBase"]
[SourceDate "2021.10.06"]
[SourceVersion "1"]
[SourceVersionDate "2021.10.06"]
[SourceQuality "1"]

1. d4 d5 2. e4 dxe4 3. f3 Nf6 4. Nc3 e6 5. Bg5 Be7 6. Qd2 a6 7. fxe4 b5 8. Bxf6 Bxf6 9. Nf3 Bb7 10. Bd3 Nc6 11. e5 Be7 12. Be4 Rb8 13. 0-0 Nb4 14. Bxb7 Rxb7 15. Ne4 c6 16. a3 Nd5 17. Kh1 0-0 18. c3 Rc7 19. b4 Rd7 20. Rad1 Qc8 21. Nfg5 Bxg5 22. Nxg5 Ne7 23. Qe2 Ng6 24. Ne4 Ne7 25. Qg4 Kh8 26. Nd6 Rxd6 27. exd6 Nd5 28. Qg3 Qd7 29. Rf2 Nb6 30. h3 Nc8 31. Ra1 Nxd6 32. Qd3 Qb7 33. a4 Ra8 34. Rfa2 Nc4 35. Qf3 Qc8 36. axb5 cxb5 37. Qxf7 Nd6 38. Qf3 Kg8 39. Re2 Ra7 40. Qe3 Re7 41. Rae1 Nf5 42. Qd3 Qd7 43. Re5 Kf7 44. Qf3 Kg8 45. Kh2 g6 46. Rf1 Rf7 47. Qe4 Re7 48. g4 Nh4 49. Kg3 g5 50. Rf6 Kg7 51. Rfxe6 Rf7 52. Re7 Qd6 53. Rxf7+ Kxf7 54. Qxh7+ 1-0

[Event "Bad Woerishofen Seniors opA 23rd"]
[Site "Bad Woerishofen"]
[Date "2007.03.08"]
[Round "1"]
[White "Delander, Adolf"]
[Black "Papworth, Dennis"]
[Result "1/2-1/2"]
[WhiteElo "1886"]
[BlackElo "1674"]
[PlyCount "84"]
[EventDate "2007.03.08"]
[EventType "swiss"]
[EventRounds "9"]
[EventCountry "GER"]
[SourceTitle "EXT 2022"]
[Source "ChessBase"]
[SourceDate "2021.10.06"]
[SourceVersion "1"]
[SourceVersionDate "2021.10.06"]
[SourceQuality "1"]

1. d4 e6 2. e4 d5 3. exd5 exd5 4. Bd3 Nf6 5. Ne2 h6 6. Nd2 Bd6 7. Nf3 c5 8. dxc5 Bxc5 9. 0-0 Nc6 10. Ng3 0-0 11. a3 a5 12. Bf4 Re8 13. c3 Bg4 14. h3 Nh5 15. Nxh5 Bxh5 16. g4 Qf6 17. Bg3 Bg6 18. Bxg6 Qxg6 19. Qxd5 Bb6 20. Rfe1 Qf6 21. Kg2 Ne7 22. Qb5 Qc6 23. Qxc6 Nxc6 24. Rxe8+ Rxe8 25. Rd1 Re7 26. b4 axb4 27. cxb4 f6 28. Rd5 Kf7 29. Rb5 Ba7 30. Bd6 Rd7 31. Bc5 Bb8 32. Be3 Ke6 33. Nd2 Be5 34. Ne4 Bd6 35. Bc5 Be5 36. Be3 Bd6 37. Nxd6 Kxd6 38. Rb6 Kc7 39. b5 Ne5 40. Re6 Nc4 41. b6+ Kc8 42. Bf4 Rf7 1/2-1/2

[Event "Seefeld Seniors op 1st"]
[Site "Seefeld"]
[Date "2005.09.24"]
[Round "6.5"]
[White "Xander, Karl"]
[Black "Papworth, Dennis"]
[Result "1-0"]
[WhiteElo "1841"]
[BlackElo "1827"]
[PlyCount "102"]
[EventDate "2005.09.19"]
[EventType "swiss"]
[EventRounds "7"]
[EventCountry "AUT"]
[SourceTitle "EXT 2007"]
[Source "ChessBase"]
[SourceDate "2006.11.23"]
[SourceVersion "1"]
[SourceVersionDate "2006.11.23"]
[SourceQuality "1"]

1. e4 e6 2. d4 d5 3. Nc3 Nf6 4. e5 Nfd7 5. f4 f5 6. Nf3 Be7 7. Be3 0-0 8. Be2 a6 9. a4 c5 10. 0-0 Nc6 11. Kh1 cxd4 12. Nxd4 Nxd4 13. Bxd4 Bc5 14. g4 Bxd4 15. Qxd4 Qb6 16. Qxb6 Nxb6 17. gxf5 d4 18. Ne4 exf5 19. Nd6 Bd7 20. Bf3 Be6 21. Bxb7 Ra7 22. Bg2 Rc7 23. Rf2 Nc4 24. Nxc4 Rxc4 25. b3 Rc3 26. Rd1 Rfc8 27. Rdd2 d3 28. Rxd3 Rxd3 29. cxd3 Bxb3 30. h4 Kf7 31. a5 Rc3 32. Rd2 Ke6 33. Kg1 Rc5 34. Rb2 Rc3 35. Bf1 g6 36. Kf2 h6 37. Ke3 g5 38. hxg5 hxg5 39. Kd2 Rc5 40. Rxb3 Rxa5 41. d4 g4 42. Bc4+ Ke7 43. Rb1 Kd7 44. Rg1 Ra4 45. Kc3 Ra3+ 46. Kb4 Rf3 47. Kc5 Rxf4 48. d5 Re4 49. e6+ Ke7 50. Bxa6 Kf6 51. Bd3 Rf4 1-0

[Event "Seefeld Seniors op 1st"]
[Site "Seefeld"]
[Date "2005.09.21"]
[Round "3.6"]
[White "Papworth, Dennis"]
[Black "Broeker, Werner"]
[Result "1-0"]
[WhiteElo "1827"]
[BlackElo "1664"]
[PlyCount "60"]
[EventDate "2005.09.19"]
[EventType "swiss"]
[EventRounds "7"]
[EventCountry "AUT"]
[SourceTitle "EXT 2007"]
[Source "ChessBase"]
[SourceDate "2006.11.23"]
[SourceVersion "1"]
[SourceVersionDate "2006.11.23"]
[SourceQuality "1"]

1. d4 Nf6 2. Nc3 d5 3. e4 e6 4. e5 Nfd7 5. f4 c5 6. Nf3 Nc6 7. Bd3 cxd4 8. Ne2 Bb4+ 9. Kf2 Nc5 10. Bb5 Bd7 11. a3 Ne4+ 12. Kg1 Ba5 13. Bd3 Bb6 14. h3 Rc8 15. Kh2 Nf2 16. Qf1 Nxh1 17. Kxh1 Qe7 18. Bd2 h6 19. Ng3 Na5 20. Bb4 Qd8 21. b3 Nc6 22. Bd2 Ne7 23. Nh5 Rg8 24. Bh7 Rh8 25. Qd3 Nf5 26. Bxf5 exf5 27. Nxg7+ Kf8 28. Nh5 Qe7 29. Nf6 Qe6 30. Bb4+ Kg7 1-0

[Event "Seefeld Seniors op 1st"]
[Site "Seefeld"]
[Date "2005.09.20"]
[Round "2.4"]
[White "Heslenfeld, Peter Hermann"]
[Black "Papworth, Dennis"]
[Result "1/2-1/2"]
[WhiteElo "1788"]
[BlackElo "1827"]
[PlyCount "66"]
[EventDate "2005.09.19"]
[EventType "swiss"]
[EventRounds "7"]
[EventCountry "AUT"]
[SourceTitle "EXT 2007"]
[Source "ChessBase"]
[SourceDate "2006.11.23"]
[SourceVersion "1"]
[SourceVersionDate "2006.11.23"]
[SourceQuality "1"]

1. c4 e6 2. Nc3 Nf6 3. e4 d6 4. Nf3 Nc6 5. d4 Be7 6. Be2 0-0 7. 0-0 e5 8. d5 Nb8 9. h3 Nbd7 10. Be3 Re8 11. b4 Nf8 12. c5 Ng6 13. Qd2 a5 14. a3 Bd7 15. Kh2 Qc8 16. cxd6 Bxd6 17. b5 Nf4 18. Bxf4 exf4 19. Qd4 b6 20. e5 Bc5 21. Qxf4 h6 22. Qh4 Nh7 23. Bd3 Bf5 24. Bxf5 Qxf5 25. Qe4 Qxe4 26. Nxe4 Be7 27. Rfc1 Bd8 28. Rc6 f5 29. Ng3 Ng5 30. Nxg5 hxg5 31. e6 Bf6 32. Re1 Rad8 33. Nxf5 Rxd5 1/2-1/2

[Event "Bad Zwischenahn Seniors op 1st"]
[Site "Bad Zwischenahn"]
[Date "2004.??.??"]
[Round "2"]
[White "Papworth, Dennis"]
[Black "Gudat, Alfons"]
[Result "0-1"]
[WhiteElo "1489"]
[BlackElo "1954"]
[PlyCount "54"]
[EventDate "2004.07.30"]
[EventType "swiss"]
[EventRounds "9"]
[EventCountry "GER"]
[SourceTitle "EXT 2006"]
[Source "ChessBase"]
[SourceDate "2005.11.24"]
[SourceVersion "1"]
[SourceVersionDate "2005.11.24"]
[SourceQuality "1"]

1. Nf3 Nf6 2. b3 d6 3. g3 e5 4. Bg2 Be7 5. 0-0 0-0 6. d3 c5 7. Bb2 Nc6 8. Nbd2 Rb8 9. a4 a6 10. Nc4 b5 11. axb5 axb5 12. Ncd2 Bb7 13. e4 Qc7 14. Re1 Ra8 15. Nf1 Nd4 16. Ne3 g6 17. Qd2 Nh5 18. Rxa8 Rxa8 19. Rb1 Ra2 20. Qd1 h6 21. Ra1 Rxa1 22. Bxa1 Ba8 23. Kf1 Qa7 24. Qc1 f6 25. Nd2 f5 26. Nd5 Bxd5 27. exd5 Nxc2 0-1

[Event "Bad Zwischenahn Seniors op 1st"]
[Site "Bad Zwischenahn"]
[Date "2004.??.??"]
[Round "9"]
[White "Papworth, Dennis"]
[Black "Oser, Thor"]
[Result "0-1"]
[WhiteElo "1489"]
[BlackElo "1604"]
[PlyCount "102"]
[EventDate "2004.07.30"]
[EventType "swiss"]
[EventRounds "9"]
[EventCountry "GER"]
[SourceTitle "EXT 2006"]
[Source "ChessBase"]
[SourceDate "2005.11.24"]
[SourceVersion "1"]
[SourceVersionDate "2005.11.24"]
[SourceQuality "1"]

1. e4 c5 2. Nf3 Nc6 3. Nc3 a6 4. d3 e6 5. Be2 Be7 6. 0-0 d6 7. a3 Nf6 8. Bd2 0-0 9. h3 Qc7 10. Qc1 Nd4 11. Re1 Nxe2+ 12. Rxe2 b5 13. Re1 Bb7 14. Bf4 e5 15. Be3 b4 16. Ne2 d5 17. exd5 Nxd5 18. Ng3 Rfe8 19. Qd1 Rad8 20. axb4 cxb4 21. Bd2 Bf8 22. Bg5 f6 23. Bd2 Rc8 24. Rc1 a5 25. c3 Qd7 26. Nh4 Nf4 27. Bxf4 exf4 28. Rxe8 Rxe8 29. Ne2 g5 30. Nf3 Bxf3 31. gxf3 Qxh3 32. Nd4 Bc5 33. Qb3+ Kg7 34. Qd5 Bxd4 35. cxd4 Re7 36. Rf1 g4 37. Qf5 Qxf3 38. Qh5 Re2 39. d5 Rd2 40. d6 Rxd3 41. Qe8 g3 42. Qe1 Qd5 43. Qe7+ Kg6 44. Qe8+ Kg5 45. Qf8 Qf5 46. Qg8+ Kh4 47. Qg7 h5 48. Qe7 gxf2+ 49. Kxf2 Qc5+ 50. Kg2 Rg3+ 51. Kh1 Qc6+ 0-1

[Event "Merano Gold Cup 31st"]
[Site "Merano"]
[Date "2003.05.06"]
[Round "6"]
[White "Papworth, Dennis"]
[Black "Bolduan, Albrecht"]
[Result "1-0"]
[WhiteElo "1569"]
[BlackElo "1378"]
[PlyCount "26"]
[EventDate "2003.05.??"]
[EventType "swiss"]
[EventRounds "9"]
[EventCountry "ITA"]
[SourceTitle "EXT 2006"]
[Source "ChessBase"]
[SourceDate "2005.11.24"]
[SourceVersion "1"]
[SourceVersionDate "2005.11.24"]
[SourceQuality "1"]

1. e4 d5 2. exd5 Qxd5 3. Nc3 Qa5 4. d4 Nf6 5. Bd3 Bd7 6. Nf3 Bg4 7. 0-0 Nc6 8. h3 Bh5 9. Be3 e5 10. Ne4 exd4 11. Nxf6+ gxf6 12. Bd2 Bxf3 13. Bxa5 Bxd1 1-0

[Event "Merano Gold Cup 31st"]
[Site "Merano"]
[Date "2003.05.05"]
[Round "5"]
[White "Papworth, Dennis"]
[Black "Melchert, Kai Uwe"]
[Result "1/2-1/2"]
[WhiteElo "1569"]
[BlackElo "1715"]
[PlyCount "57"]
[EventDate "2003.05.??"]
[EventType "swiss"]
[EventRounds "9"]
[EventCountry "ITA"]
[SourceTitle "EXT 2006"]
[Source "ChessBase"]
[SourceDate "2005.11.24"]
[SourceVersion "1"]
[SourceVersionDate "2005.11.24"]
[SourceQuality "1"]

1. e4 e6 2. d4 d5 3. Nc3 Bb4 4. e5 c5 5. a3 Ba5 6. Qg4 Kf8 7. Nf3 cxd4 8. Nxd4 Nc6 9. Nxc6 bxc6 10. Be3 Bb6 11. 0-0-0 Ne7 12. Bd3 Ng6 13. Bxg6 hxg6 14. Qe2 Qc7 15. Bf4 Bd7 16. h4 Rb8 17. Rd3 f5 18. h5 Be8 19. h6 Kg8 20. Rdh3 Bc5 21. hxg7 Rxh3 22. Rxh3 Qxg7 23. Bg5 Be7 24. f4 Bxg5 25. fxg5 Qb7 26. Nd1 Qe7 27. Qd2 c5 28. Qf4 a5 29. Qh4 1/2-1/2

[Event "Merano Gold Cup 31st"]
[Site "Merano"]
[Date "2003.05.04"]
[Round "4"]
[White "Muscolino, Attilio"]
[Black "Papworth, Dennis"]
[Result "1-0"]
[WhiteElo "2082"]
[BlackElo "1569"]
[PlyCount "55"]
[EventDate "2003.05.??"]
[EventType "swiss"]
[EventRounds "9"]
[EventCountry "ITA"]
[SourceTitle "EXT 2006"]
[Source "ChessBase"]
[SourceDate "2005.11.24"]
[SourceVersion "1"]
[SourceVersionDate "2005.11.24"]
[SourceQuality "1"]

1. e4 e6 2. d4 d5 3. Nc3 Nf6 4. e5 Nfd7 5. f4 c5 6. Be3 Nc6 7. Nf3 a6 8. Qd2 Be7 9. 0-0-0 0-0 10. Qf2 Qb6 11. Qg3 f5 12. exf6 Nxf6 13. Ne5 Nxe5 14. fxe5 Ne4 15. Nxe4 dxe4 16. Bc4 cxd4 17. Rxd4 Rd8 18. Rxe4 Qc7 19. Rf1 b5 20. Bh6 Bf8 21. Rg4 Ra7 22. Bd3 a5 23. Bg5 Rxd3 24. Qxd3 Ba6 25. Qg3 Ra8 26. Rgf4 h6 27. Bxh6 Qc5 28. Rxf8+ 1-0

[Event "Merano Gold Cup 31st"]
[Site "Merano"]
[Date "2003.05.02"]
[Round "2"]
[White "Papworth, Dennis"]
[Black "Mathes, Christian"]
[Result "1/2-1/2"]
[WhiteElo "1569"]
[BlackElo "1406"]
[PlyCount "52"]
[EventDate "2003.05.??"]
[EventType "swiss"]
[EventRounds "9"]
[EventCountry "ITA"]
[SourceTitle "EXT 2006"]
[Source "ChessBase"]
[SourceDate "2005.11.24"]
[SourceVersion "1"]
[SourceVersionDate "2005.11.24"]
[SourceQuality "1"]

1. e4 c6 2. d4 d5 3. Bd3 dxe4 4. Bxe4 Nf6 5. Bf3 Bf5 6. c3 e6 7. Ne2 Bd6 8. Nd2 0-0 9. Nc4 Be7 10. Ng3 Bg6 11. 0-0 Qc7 12. Ne5 Nbd7 13. Bf4 Bd6 14. Nxg6 hxg6 15. Bxd6 Qxd6 16. Re1 Nb6 17. a3 Rad8 18. Qc2 Rfe8 19. Re5 Nbd7 20. Ree1 e5 21. dxe5 Nxe5 22. Red1 Nxf3+ 23. gxf3 Qf4 24. Rxd8 Rxd8 25. Rd1 Qc7 26. c4 Rxd1+ 1/2-1/2